|
|
|
|
| LEADER |
00000nam0a2200000 4500 |
| 001 |
311785 |
| 005 |
20231102002423.0 |
| 020 |
|
|
|a RU
|b 82-19438
|
| 035 |
|
|
|a (RuTPU)RU\TPU\book\337150
|
| 090 |
|
|
|a 311785
|
| 100 |
|
|
|a 20151211g1982 m y0rusy5003 ca
|
| 101 |
0 |
|
|a eng
|a rus
|
| 102 |
|
|
|a RU
|
| 105 |
|
|
|a a j 001zy
|
| 200 |
1 |
|
|a Читай и говори по-английски
|h Вып. 17
|f сост. Т. А. Абрамкина
|
| 210 |
|
|
|a Москва
|c Воениздат
|d 1982
|
| 215 |
|
|
|a 160 с.
|c ил.
|
| 300 |
|
|
|a Англ.
|
| 306 |
|
|
|a Изд. выходит с 1967 г.
|
| 320 |
|
|
|a Англо-русский словарь: с. 138-158
|
| 606 |
1 |
|
|a Английский язык
|x Учебные руководства и пособия
|x Пособия по развитию речи, разговорники
|2 stltpush
|3 (RuTPU)RU\TPU\subj\29074
|9 52486
|
| 610 |
1 |
|
|a лексика
|
| 610 |
1 |
|
|a чтение
|
| 610 |
1 |
|
|a понимание
|
| 610 |
1 |
|
|a разговорная речь
|
| 610 |
1 |
|
|a навыки
|
| 610 |
1 |
|
|a упражнения
|
| 686 |
|
|
|a Ш143.21-923.4
|2 rubbk
|
| 702 |
|
1 |
|a Абрамкина
|b Т. А.
|g Тамара Александровна
|4 220
|
| 801 |
|
0 |
|a RU
|b RuMRKP
|c 19950704
|g psbo
|
| 801 |
|
1 |
|a RU
|b 63413507
|c 20151211
|
| 801 |
|
2 |
|a RU
|b 63413507
|c 20180927
|g RCR
|
| 942 |
|
|
|c BK
|